Statistiques concernant Les films les plus appréciés du public

Cliquez ici pour prendre le quiz!

Statistiques générales

  • Ce quiz a été pris 79 fois
  • Le résultat moyen est 32 sur 84

Statistiques - réponses

Réponse% Correct
Star wars
90%
Interstellar
87%
Dune
86%
Retour vers le futur
86%
Spiderman
86%
Forrest Gump
84%
Indiana Jones
81%
Scream
81%
Matrix
75%
Fight club
74%
The batman
74%
Le loup de Wall Street
72%
Jurassic Park
70%
La haine
68%
Le parrain
65%
Le seigneur des anneaux
65%
Pulp fiction
65%
La la land
64%
Shining
61%
Shutter island
61%
Inception
59%
Mad max
59%
The Truman show
58%
Oppenheimer
57%
Kill Bill
55%
The dark knight
54%
Django unchained
52%
Le bon, la brute et le truand
52%
Les évadés
52%
Scarface
49%
Black swan
48%
Parasite
48%
The social network
46%
American psycho
45%
Seven
45%
Whiplash
43%
Drive
42%
Blade runner
39%
Taxi driver
39%
The Grand Budapest hotel
39%
Les dents de la mer
38%
12 hommes en colère
35%
Le silence des agneaux
35%
Alien
33%
2001, l'odyssée de l'espace
30%
Le cercle des poètes disparus
30%
Blade runner 2049
29%
No country for old men
29%
Les affranchis
28%
Orange mécanique
26%
Inglourious basterds
25%
Apocalypse now
23%
Prisoners
23%
Les infiltrés
22%
Old boy
22%
The big lebowski
22%
Donnie Darko
20%
Eternal sunshine of the spotless mind
20%
Le prestige
20%
Once upon a time in Hollywood
20%
Will Hunting
20%
Her
19%
Everything everywhere all at once
17%
The thing
17%
Heat
16%
Lost in translation
14%
Trainspotting
14%
There will be blood
13%
La cité de Dieu
12%
Mulholland drive
12%
Premier contact
12%
The lighthouse
12%
Call me by your name
10%
Baby driver
9%
Scott Pilgrim
9%
Hérédité
7%
In the mood for love
7%
Memories of murder
7%
Aftersun
4%
Before sunrise
3%
Il était temps
3%
Chungking Express
1%
Le monde de Charlie
1%
Paris, Texas
1%

Distribution des résultats

Percentile par nombre de réponses

% des personnes avec chaque résultat

Votre développement - résultats

Vous n’avez pas pris ce quiz